000 005260000a22001810004500
003 MACL
005 20160405162517.0
008 160405b xxu||||| |||| 00| 0 eng d
040 _aMACL
_cMACL
041 _aHindi
082 _a400
100 _aनरेश कुमार
_950639
245 _aअपभ्रंश हिन्‍दी कोश
260 _bडी के प्रिंटवर्ल्‍ड
_c1987
_aदिल्‍ली
350 _a880
650 _aLanguage
_950640
942 _cHIN
_k400
_2ddc
999 _c9779
_d9779